ГОСТ РВ 0008-001-2013. Государственная система обеспечения единства измерений. Обеспечение единства измерений при выполнении государственного оборонного заказа. Общие требования к организации и порядку проведения метрологических работ: государственный военный стандарт; издание официальное; принят и введен в действие Приказом Федерального агентства по техническому регулированию и метрологии от 03 декабря 2013 г. № 11-ст; введен впервые

Podrobná bibliografie
Korporativní autor: Всероссийский научно-исследовательский институт стандартизации оборонной продукции и технологий
Shrnutí:For_staff_use
Jazyk:ruština
Vydáno: Москва, Российский институт стандартизации, 2023
Témata:
Médium: MixedMaterials Kniha
KOHA link:https://koha.lib.tpu.ru/cgi-bin/koha/opac-detail.pl?biblionumber=378674

MARC

LEADER 00000nam0a2200000 4500
001 378674
005 20250131104334.0
029 0 0 |a RU  |b 0008-001-2013  |c ГОСТ РВ 
035 |a (RuTPU)RU\TPU\retro\36131 
090 |a 378674 
100 |a 20230608d2023 k a0rusy50 ca 
101 0 |a rus 
102 |a RU 
105 |a y l 001zy 
200 1 |a ГОСТ РВ 0008-001-2013. Государственная система обеспечения единства измерений. Обеспечение единства измерений при выполнении государственного оборонного заказа. Общие требования к организации и порядку проведения метрологических работ  |e государственный военный стандарт  |e издание официальное  |e принят и введен в действие Приказом Федерального агентства по техническому регулированию и метрологии от 03 декабря 2013 г. № 11-ст  |e введен впервые  |f разработан Всероссийским научно-исследовательским институтом стандартизации оборонной продукции и технологий 
210 |a Москва  |c Российский институт стандартизации  |d 2023 
215 |a 11 с. 
300
320 |9 572  |a Библиогр.: с. 11 
371 0 |a For_staff_use 
606 1 |a Военная техника  |2 stltpush  |3 (RuTPU)RU\TPU\subj\3249  |9 31696 
606 1 |a Менеджмент систем качества  |2 stltpush  |3 (RuTPU)RU\TPU\subj\27902  |9 51563 
610 1 |a Государственный военный стандарт 
610 1 |a военное дело 
610 1 |a ГОСТы 
610 1 |a метрологические работы 
610 1 |a измерения 
610 1 |a государственный оборонный заказ 
610 1 |a метрологическая экспертиза 
610 1 |a аттестация 
610 1 |a стандарты 
675 |a 658.562  |v 4 
686 |a Ц9я86  |v LBC/SL-A  |2 rubbk 
686 |a 95.020  |2 oks 
712 0 2 |a Всероссийский научно-исследовательский институт стандартизации оборонной продукции и технологий  |c Москва  |7 ca  |8 rus  |2 stltpush  |3 (RuTPU)RU\TPU\col\28097  |9 29029 
801 1 |a RU  |b 63413507  |c 20230608 
801 2 |a RU  |b 63413507  |c 20230622  |g RCR 
942 |c BK